000 00582nam a2200229Ia 4500
003 OSt
005 20220924153012.0
006 a|||||r|||| 00| 0
007 ta
008 220923b |||||||| |||| 00| 0 guj d
024 _a346377
037 _cTextual
040 _aARTS
_cARTS
_bguj
041 _2guj
_aguj
082 _aO156,3M921,27, J6.1-.3
100 _aDhumketu
_9227539
245 0 _aTarikha
260 _c1956
650 _aGUJRATI LITERATURE
942 _hO156,3M921,27, J6.1-.3
_cTEXL
_2CC
999 _c471919
_d471919